000 00418 a2200169 4500
001 139642
040 _cLeonardo Da Vinci
041 _aPortuguês
082 _a869.93 A568t
_bA568t
100 _aANDRADE, Mário de
245 _aTáxi e crônicas no Diário Nacional
260 _bDuas cidades
_c1976
_aSão Paulo
300 _a603
362 _a19760000
697 _aLiteratura
_aCrônica
_aBrasil
942 _cBK
999 _c139642
_d139642